Remote sensing of snow and ice / (Record no. 72338)
[ view plain ]
| 000 -LEADER | |
|---|---|
| fixed length control field | 00964nam a2200301 a 4500 |
| 001 - CONTROL NUMBER | |
| control field | 72338 |
| 003 - CONTROL NUMBER IDENTIFIER | |
| rucl marc code | BD-RjUL |
| 005 - DATE AND TIME OF LATEST TRANSACTION | |
| control field | 20211209082240.0 |
| 008 - FIXED-LENGTH DATA ELEMENTS--GENERAL INFORMATION | |
| fixed length control field | 170516s1979 fr a b i000 0 eng d |
| 020 ## - INTERNATIONAL STANDARD BOOK NUMBER | |
| International Standard Book Number | 9231017306 |
| 035 ## - SYSTEM CONTROL NUMBER | |
| System control number | (BD-RjUL)72555 |
| 040 ## - CATALOGING SOURCE | |
| Original cataloging agency | PHA |
| Transcribing agency | PHA |
| Modifying agency | MYG |
| Language of cataloging | eng |
| 041 ## - LANGUAGE CODE | |
| Language code of text/sound track or separate title | eng |
| 082 ## - DEWEY DECIMAL CLASSIFICATION NUMBER | |
| Edition number | 23 |
| Classification number | 551.57840285 |
| Author mark and year | MER 1979 |
| 100 1# - MAIN ENTRY--PERSONAL NAME | |
| Personal name | Meier, Mark F. |
| 9 (RLIN) | 213933 |
| 245 10 - TITLE STATEMENT | |
| Title | Remote sensing of snow and ice / |
| Statement of responsibility, etc. | Mark F. Meier. |
| 260 ## - PUBLICATION, DISTRIBUTION, ETC. (IMPRINT) | |
| Place of publication, distribution, etc. | Paris : |
| Name of publisher, distributor, etc. | Unesco, |
| Date of publication, distribution, etc. | 1979. |
| 300 ## - PHYSICAL DESCRIPTION | |
| Pagination | 54 p. : |
| Illustrations | ill. ; |
| Size | 28 cm. |
| 490 1# - SERIES STATEMENT | |
| Series statement | Technical papers in hydrology , |
| Volume/sequential designation | 19. |
| 500 ## - GENERAL NOTE | |
| General note | "A contribution to the International Hydrological Programme." |
| 504 ## - BIBLIOGRAPHY, ETC. NOTE | |
| Bibliography, etc | Includes bibliography (p. 35-41). |
| 650 #0 - SUBJECT ADDED ENTRY--TOPICAL TERM | |
| Topical term or geographic name as entry element | Snow |
| General subdivision | Remote sensing. |
| 9 (RLIN) | 213934 |
| Topical term or geographic name as entry element | Ice |
| General subdivision | Remote sensing. |
| 9 (RLIN) | 213935 |
| Topical term or geographic name as entry element | Remote sensing. |
| 9 (RLIN) | 160829 |
| Topical term or geographic name as entry element | Aeronautics in meteorology. |
| 9 (RLIN) | 213936 |
| 830 #0 - SERIES ADDED ENTRY--UNIFORM TITLE | |
| Uniform title | Technical papers in hydrology , |
| Volume number/sequential designation | 19. |
| 942 ## - ADDED ENTRY ELEMENTS (KOHA) | |
| Source of classification or shelving scheme | Dewey Decimal Classification |
| Koha item type | Books |
| Lost status | Source of classification or shelving scheme | Damaged status | Not for loan | Collection code | Permanent Location | Current Location | Shelving location | Date acquired | Source of acquisition | Cost, normal purchase price | Total Checkouts | Full call number | Date last seen | Copy number | Koha item type |
|---|---|---|---|---|---|---|---|---|---|---|---|---|---|---|---|
| Dewey Decimal Classification | Not For Loan | Non-fiction | Central Library, University of Rajshahi | Central Library, University of Rajshahi | Reading Room | 09/01/1982 | Unesco | 0.00 | 551.57840285 MER 1979 | 16/05/2017 | C-1 | Books |